00505nam a22001817a 450000500170000000800410001702000270005804000090008504100120009408200130010610000300011924500790014926000300022830000080025865000330026694200070029999900170030620260425122521.0260425b |||||||| |||| 00| 0 eng d a9783111700144c2099.00 aMAIN aEnglish a510bGUI aGuidotti, Patrick 926764 aAdvanced Mathematics b: an Invitation in Preparation for Graduate School  aBerlinbDe Gruyter c2025 a200 aMathematics (PM USHA)926738 cBK c60746d60746